Rahner and Wittgenstein: an Attempt at Conversation
An early and persistent criticism of Rahner was his use of transcendental philosophy and his emphasis on human subjectivity, with an attendant loss of concrete historicity and human embodiment. By finding connections between Rahner’s concept of the transcendental and philosopher Ludwig Wittgenstein’...
| Main Author: | |
|---|---|
| Format: | Electronic Article |
| Language: | English |
| Check availability: | HBZ Gateway |
| Interlibrary Loan: | Interlibrary Loan for the Fachinformationsdienste (Specialized Information Services in Germany) |
| Published: |
2003
|
| In: |
Philosophy & theology
Year: 2003, Volume: 15, Issue: 1, Pages: 123-142 |
| Online Access: |
Volltext (lizenzpflichtig) Volltext (lizenzpflichtig) |
| Parallel Edition: | Non-electronic
|
MARC
| LEADER | 00000caa a22000002c 4500 | ||
|---|---|---|---|
| 001 | 1960812572 | ||
| 003 | DE-627 | ||
| 005 | 20260213054810.0 | ||
| 007 | cr uuu---uuuuu | ||
| 008 | 260212s2003 xx |||||o 00| ||eng c | ||
| 024 | 7 | |a 10.5840/philtheol20031518 |2 doi | |
| 035 | |a (DE-627)1960812572 | ||
| 035 | |a (DE-599)KXP1960812572 | ||
| 040 | |a DE-627 |b ger |c DE-627 |e rda | ||
| 041 | |a eng | ||
| 084 | |a 1 |2 ssgn | ||
| 100 | 1 | |e VerfasserIn |0 (DE-588)1057895881 |0 (DE-627)795375220 |0 (DE-576)413897818 |4 aut |a Riggs, Ann R. | |
| 109 | |a Riggs, Ann R. | ||
| 245 | 1 | 0 | |a Rahner and Wittgenstein: an Attempt at Conversation |
| 264 | 1 | |c 2003 | |
| 336 | |a Text |b txt |2 rdacontent | ||
| 337 | |a Computermedien |b c |2 rdamedia | ||
| 338 | |a Online-Ressource |b cr |2 rdacarrier | ||
| 520 | |a An early and persistent criticism of Rahner was his use of transcendental philosophy and his emphasis on human subjectivity, with an attendant loss of concrete historicity and human embodiment. By finding connections between Rahner’s concept of the transcendental and philosopher Ludwig Wittgenstein’s treatment of language and its uses, the article highlights Rahner’s own often-overlooked treatment of human embodiment and concrete historicity. The argument here focuses on the priority of being over appearance, and the necessary connection between intentions and actions, important themes in both men’s thought. | ||
| 601 | |a Conversano | ||
| 773 | 0 | 8 | |i Enthalten in |t Philosophy & theology |d Charlottesville, Va. : Philosophy Documentation Center, 1986 |g 15(2003), 1, Seite 123-142 |h Online-Ressource |w (DE-627)372365930 |w (DE-600)2122985-5 |w (DE-576)443081883 |x 2153-828X |7 nnas |
| 773 | 1 | 8 | |g volume:15 |g year:2003 |g number:1 |g pages:123-142 |
| 776 | |i Erscheint auch als |n Druckausgabe |w (DE-627)1645063224 |k Non-Electronic | ||
| 856 | 4 | 0 | |u https://doi.org/10.5840/philtheol20031518 |x Resolving-System |z lizenzpflichtig |3 Volltext |7 1 |
| 856 | 4 | 0 | |u https://www.pdcnet.org/pdc/bvdb.nsf/purchase?openform&fp=philtheol&id=philtheol_2003_0015_0001_0123_0142 |x Verlag |z lizenzpflichtig |3 Volltext |7 1 |
| 935 | |a mteo | ||
| 951 | |a AR | ||
| ELC | |a 1 | ||
| LOK | |0 000 xxxxxcx a22 zn 4500 | ||
| LOK | |0 001 4913552171 | ||
| LOK | |0 003 DE-627 | ||
| LOK | |0 004 1960812572 | ||
| LOK | |0 005 20260212055511 | ||
| LOK | |0 008 260212||||||||||||||||ger||||||| | ||
| LOK | |0 035 |a (DE-Tue135)IxTheo#2026-02-09#4B39D04A34350BE19111866FF1B9B36E12826018 | ||
| LOK | |0 040 |a DE-Tue135 |c DE-627 |d DE-Tue135 | ||
| LOK | |0 092 |o n | ||
| LOK | |0 852 |a DE-Tue135 | ||
| LOK | |0 852 1 |9 00 | ||
| LOK | |0 935 |a ixrk |a ixzs |a zota | ||
| LOK | |0 939 |a 12-02-26 |b l01 | ||
| ORI | |a TA-MARC-ixtheoa001.raw | ||
| REL | |a 1 | ||
| SUB | |a REL | ||